Owls : (Record no. 8421)

MARC details
000 -LEADER
fixed length control field 00950nam a22002777a 4500
001 - CONTROL NUMBER
control field 8421
003 - CONTROL NUMBER IDENTIFIER
control field FISKH
005 - DATE AND TIME OF LATEST TRANSACTION
control field 20250911103923.0
008 - FIXED-LENGTH DATA ELEMENTS--GENERAL INFORMATION
fixed length control field 250911b cb ||||| |||| 00| 0 eng d
020 ## - INTERNATIONAL STANDARD BOOK NUMBER
International Standard Book Number 0822502933
040 ## - CATALOGING SOURCE
Original cataloging agency FISKH
Language of cataloging eng
Transcribing agency FISKH
Modifying agency FISKH
050 ## - LIBRARY OF CONGRESS CALL NUMBER
Classification number QL696.S8 S23
082 ## - DEWEY DECIMAL CLASSIFICATION NUMBER
Classification number 598.97
100 ## - MAIN ENTRY--PERSONAL NAME
Personal name Sadoway, Margaret Wheeler
245 ## - TITLE STATEMENT
Title Owls :
Remainder of title Hunters of the night /
Statement of responsibility, etc. By Margaret Wheeler Sadoway
260 ## - PUBLICATION, DISTRIBUTION, ETC.
Place of publication, distribution, etc. Minneapolis :
Name of publisher, distributor, etc. Lerner Publications Company ,
Date of publication, distribution, etc. 1981.
300 ## - PHYSICAL DESCRIPTION
Extent 64 pages :
Other physical details color illustrations ;
Dimensions 23 cm .
505 ## - FORMATTED CONTENTS NOTE
Formatted contents note J <br/>
520 ## - SUMMARY, ETC.
Summary, etc. Text and photographs describe the physical characteristics, habits, and behavior of 18 species of owls that make their homes in North America.
521 8# - TARGET AUDIENCE NOTE
Target audience note 480 <br/>
Source Lexile estimate <br/>
521 8# - TARGET AUDIENCE NOTE
Target audience note J <br/>
Source Raz-Plus <br/>
650 ## - SUBJECT ADDED ENTRY--TOPICAL TERM
Topical term or geographic name entry element Owls
Form subdivision Juvenile Literature
650 ## - SUBJECT ADDED ENTRY--TOPICAL TERM
Topical term or geographic name entry element Birds-North America
Form subdivision Juvenile Literature
942 ## - ADDED ENTRY ELEMENTS (KOHA)
Source of classification or shelving scheme Dewey Decimal Classification
Koha item type Books
Suppress in OPAC No
Holdings
Withdrawn status Lost status Source of classification or shelving scheme Damaged status Not for loan Collection Home library Current library Shelving location Date acquired Total Checkouts Full call number Barcode Date last seen Price effective from Koha item type
    Dewey Decimal Classification     Non-Fiction Footprints International School Library Network Toul Tom Poung Campus Footprints International School Library Network Toul Tom Poung Campus TTP Primary Dark Blue Bookshelves 09/11/2025   SAD 598.97 QL696.S8 S23 2025-4404 09/11/2025 09/11/2025 Books